Анализ влияния кадастровой стоимости на экономическую эффективность использования земель лесного фонда; Проблемы геологии и освоения недр; Т. 1

Sonraí bibleagrafaíochta
Parent link:Проблемы геологии и освоения недр=Problems of Geology and Subsurface Development: труды XXIX Международного молодежного научного симпозиума имени академика М.А. Усова, посвященного 80-летию Победы в Великой Отечественной войне, 7-11 апреля 2025 г., г. Томск/ Национальный исследовательский Томский политехнический университет, Инженерная школа природных ресурсов ; гл. ред. А. С. Боев ; отв. ред. Е. Ю. Пасечник.— .— Томск: Изд-во ТПУ, 2025
Т. 1.— 2025.— С. 140-141
Príomhchruthaitheoir: Мауль Д. А.
Rannpháirtithe: Козина М. В. Мария Викторовна (научный руководитель)
Achoimre:Заглавие с экрана
Текстовый файл
Teanga:Rúisis
Foilsithe / Cruthaithe: 2025
Ábhair:
Rochtain ar líne:http://earchive.tpu.ru/handle/11683/133485
Formáid: Leictreonach Caibidil leabhair
KOHA link:https://koha.lib.tpu.ru/cgi-bin/koha/opac-detail.pl?biblionumber=683131

MARC

LEADER 00000naa2a2200000 4500
001 683131
005 20251207142905.0
090 |a 683131 
100 |a 20251115d2025 k||y0rusy50 ca 
101 0 |a rus 
102 |a RU 
135 |a drcn ---uucaa 
200 1 |a Анализ влияния кадастровой стоимости на экономическую эффективность использования земель лесного фонда  |f Мауль Д. А.  |g науч. рук. М. В. Козина 
300 |a Заглавие с экрана 
320 |a Литература: 8 назв 
336 |a Текстовый файл 
461 1 |0 682704  |9 682704  |t Проблемы геологии и освоения недр  |l Problems of Geology and Subsurface Development  |o труды XXIX Международного молодежного научного симпозиума имени академика М.А. Усова, посвященного 80-летию Победы в Великой Отечественной войне, 7-11 апреля 2025 г., г. Томск  |f Национальный исследовательский Томский политехнический университет, Инженерная школа природных ресурсов ; гл. ред. А. С. Боев ; отв. ред. Е. Ю. Пасечник  |c Томск  |d 2025  |n Изд-во ТПУ 
463 1 |0 682705  |9 682705  |t Т. 1  |d 2025  |v С. 140-141  |u conference_tpu-2025-C11_V1.pdf 
545 1 |a Гидрогеология, инженерная геология и землеустройство 
610 1 |a труды учёных ТПУ 
610 1 |a электронный ресурс 
610 1 |a лесной фонд 
610 1 |a аудит 
610 1 |a уполномоченные органы 
610 1 |a земельные участки 
610 1 |a кадастровая оценка 
610 1 |a заготовка древесины 
700 1 |a Мауль  |b Д. А. 
702 1 |a Козина  |b М. В.  |c геолог  |c доцент Томского политехнического университета, кандидат технических наук  |f 1986-  |g Мария Викторовна  |4 727 
801 0 |a RU  |b 63413507  |c 20251115  |g RCR 
850 |a 63413507 
856 4 |u http://earchive.tpu.ru/handle/11683/133485  |z http://earchive.tpu.ru/handle/11683/133485 
942 |c CF